Dexter Trivia #4 - Statistics

General Stats
  • This quiz has been taken 27 times
  • The average score is 6 of 20
Answer Stats
Hint Answer % Correct
What does Dexter call his need to kill? Dark Passenger
83%
What is Dexter's Serial Killer name? The Bay Harbor Butcher
75%
Who is the Doomsday Killer? Travis Marshall
50%
What year did the Original Series end? 2013
46%
George Washington King was better known as? The Skinner
46%
Which actor plays Angel Batista? David Zayas
42%
Who does Debra get with in Season 3? Anton Briggs
38%
Who is Dexter's apprentice? Zach Hamilton
38%
Which drug lord was Laura Moser informing on? Hector Estrada
29%
Which rank is Joey Quinn in Resurrection? Lieutenant
29%
When is Original Sin set? 1991
25%
What is Dexter's alias in New Blood? Jim Lindsay
25%
What job did Dexter get after he faked his death? Lumberjack
25%
What was Dexter's boat called before he owned it? Slice of Pie
21%
How does Hannah kill Sal Price? Pen
17%
Who was the first Ice Truck Killer suspect? Tony Tucci
13%
Who is Debra's first kill? Carlos Fuentes
8%
Who is the Gemeni Killer? Gareth
8%
Who is Harrison's first kill? Ryan Foster
8%
Alongside which victims does Dexter burn his trophies? Ray Speltzer
4%
No matching quizzes found
Score Distribution
Percent of People with Each Score
Percentile by Number Answered
Your Score History
You have not taken this quiz